000 007290000a22001810004500
020 _a978-958-677-376-8
050 4 _aCD 086
245 1 0 _aCiencia del idioma y arte gramatical : diccionario de aclaraciones y raíces griegas latinas / Editado por: Gustavo de Elorza Martínez.
500 _aMaterial acompañante
505 0 0 _aAclaraciones de dudas sobre uso de la lengua española -- Etimología griega y latina -- prefijos y sufijos de origen latino.
650 1 4 _aLENGUAJE Y LENGUAS - GRAMATICA \ ETIMOLOGIA \ GRAMATICA COMPARADA Y GENERAL
001 2124
942 _cBK
999 _c33154
_d33154
336 _atexto
_btxt
_2rdacontent
337 _2rdamedia
_asin mediación
_bn
338 _2rdacarrier
_avolumen
_bnc
264 _aBogotá : Zamora